| 000 | 00521cam a2200205ua 4500 | ||
|---|---|---|---|
| 001 | 9353 | ||
| 005 | 20260515114445.0 | ||
| 008 | 150806n ii |||gr||||Z||||||eng | ||
| 040 | _cMAIN | ||
| 041 | _aeng | ||
| 082 | _a343.0944 | ||
| 245 | 1 | 3 |
_aAssam motor vehicle rules, 2003 _cby G C Phukan |
| 250 | _a2nd ed. | ||
| 260 |
_aGuwahati: _bAssam law house, _c2009. |
||
| 300 | _a166p. | ||
| 653 | _aMilitary, tax, trade & industrial law | ||
| 653 | _aMotor vehicle act | ||
| 700 | 1 |
_aPhukan, G C, _eAuthor. |
|
| 942 | _cBK | ||
| 999 |
_c8405 _d8405 |
||